000 00294nam a22001337a 4500
008 190227b xxu||||| |||| 00| 0 eng d
020 _awrigenv0201
041 _aeng
080 _28th
_a574
100 _a9
101 _aMJE
245 _aEnvironmental Science
_cWright, R.T
942 _2udc
_cBK
999 _c54347
_d54347